000 00213 a2200097 4500
001 7448
100 _akelly, R A
245 _aUse of English for Technical Students
260 _a
_bHarrap
_c
090 _c5986
_d5986
942 _aNUST-CAE
_cM
_c32473
999 _c242521
_d242521